000
00302nam a2200121Ia 4500
008
191201s2008 xx 000 0 und d
100
_a
SRIVASTAVA, H.C.
245
0
_a
Engineering Chemistry
260
_a
N. delhi
_b
Pragati Prakashan Meerut
_c
2008
300
_a
288
650
_a
Applied
942
_2
ddc
_c
BK
999
_c
6631
_d
6631